[Event "45th World U20 ch"]
[Site "Yerevan ARM"]
[Date "2006.10.11"]
[Round "8.16"]
[White "Gupta, Abhijeet"]
[Black "Wang Li"]
[Result "1-0"]
[WhiteElo "2481"]
[BlackElo "2226"]
[EventDate "2006.10.02"]
[PlyCount "117"]

1.d4 d5 2.c4 dxc4 3.Nf3 Nf6 4.e3 a6 5.Bxc4 b5 6.Bd3 Bb7 7.O-O e6 8.a4 b4 
9.Nbd2 c5 10.e4 Be7 11.e5 Nfd7 12.Ne4 cxd4 13.Bf4 O-O 14.Nxd4 Nc5 15.Nxc5 
Bxc5 16.Bxh7+ Kxh7 17.Qc2+ Kg8 18.Qxc5 Qd5 19.Qxd5 Bxd5 20.Rfc1 Ra7 21.f3 
Rb7 22.Kf2 Nd7 23.Nc6 Nb8 24.Na5 Rd7 25.Bd2 b3 26.Bb4 Re8 27.Bd6 f6 28.Rc3
Rf7 29.exf6 gxf6 30.Rac1 Kh7 31.Nxb3 Rb7 32.Rc7+ Rxc7 33.Rxc7+ Kg6 34.Na5 
Rd8 35.Bg3 Ba2 36.Ke3 Rd5 37.b4 e5 38.f4 Nd7 39.Nc6 exf4+ 40.Bxf4 Rd1 41.
Ne7+ Kf7 42.Nf5 Bb3 43.b5 axb5 44.axb5 Ba4 45.b6 Kg6 46.Ne7+ Kf7 47.b7 Rb1
48.Nd5 Rb3+ 49.Kd4 Ke6 50.Rxd7 Bxd7 51.b8=Q Rxb8 52.Bxb8 Bc6 53.Ne3 Kf7 
54.g4 Kg6 55.h4 Bf3 56.Bg3 Bb7 57.Nd5 Ba6 58.Bd6 Be2 59.Nf4+ 1-0

[Event "45th World U20 ch"]
[Site "Yerevan ARM"]
[Date "2006.10.11"]
[Round "8.20"]
[White "Gomez, John Paul"]
[Black "Corrales Jimenez, Fidel"]
[Result "1-0"]
[WhiteElo "2387"]
[BlackElo "2496"]
[EventDate "2006.10.02"]
[PlyCount "111"]

1.e4 c5 2.Nc3 g6 3.Nf3 Bg7 4.d4 cxd4 5.Nxd4 Nc6 6.Be3 Nf6 7.Bc4 O-O 8.Bb3 
d6 9.f3 Bd7 10.Qd2 Nxd4 11.Bxd4 b5 12.a3 a5 13.O-O a4 14.Ba2 Qa5 15.Rad1 
b4 16.axb4 Qxb4 17.Nb1 Qb8 18.Rfe1 Bc6 19.Na3 Rd8 20.Nc4 d5 21.Na5 Nxe4 
22.fxe4 Bxd4+ 23.Qxd4 Rxa5 24.exd5 e6 25.d6 Qa7 26.b4 axb3 27.Bxb3 Qxd4+ 
28.Rxd4 Kf8 29.Red1 Ke8 30.Rf1 h5 31.g3 Bb5 32.Rfd1 Kd7 33.Rc1 Rf8 34.Re1 
Re8 35.Rb4 Kd8 36.Re5 Ra1+ 37.Kf2 Bd7 38.Rb8+ Bc8 39.Rc5 Kd7 40.Rc7+ Kxd6 
41.Rcxc8 Rxc8 42.Rxc8 Rh1 43.h4 Rc1 44.Rf8 Ke7 45.Rb8 Kf6 46.Rb7 Rd1 47.
Rc7 Rd2+ 48.Kf3 Rd4 49.Ra7 Rd8 50.Ke4 Rd1 51.Ba4 Ra1 52.c4 g5 53.c5 gxh4 
54.gxh4 Rc1 55.c6 e5 56.c7 1-0

[Event "45th World U20 ch"]
[Site "Yerevan ARM"]
[Date "2006.10.11"]
[Round "8.21"]
[White "Matsenko, Sergei"]
[Black "Esen, Baris"]
[Result "0-1"]
[WhiteElo "2363"]
[BlackElo "2464"]
[EventDate "2006.10.02"]
[PlyCount "62"]

1.e4 e6 2.d4 d5 3.Nd2 c5 4.c3 cxd4 5.cxd4 dxe4 6.Nxe4 Bb4+ 7.Nc3 Nf6 8.Nf3
O-O 9.Bd3 b6 10.O-O Bb7 11.a3 Be7 12.Re1 Nbd7 13.Bc2 Rc8 14.Qd3 Re8 15.Bg5
g6 16.Bxf6 Nxf6 17.Ne5 Bf8 18.Bb3 Bg7 19.Rad1 Qd6 20.Qh3 a6 21.Nc4 Qd8 22.
Qg3 Nh5 23.Qe3 b5 24.Ne5 Qb6 25.Ne4 Bxe4 26.Qxe4 Nf6 27.Qf3 Rcd8 28.d5 
exd5 29.Bxd5 Nxd5 30.Qxf7+ Kh8 31.Nxg6+ Qxg6 0-1

[Event "45th World U20 ch"]
[Site "Yerevan ARM"]
[Date "2006.10.11"]
[Round "8.26"]
[White "Mareco, Sandro"]
[Black "Toufighi, Homayoon"]
[Result "1-0"]
[WhiteElo "2335"]
[BlackElo "2386"]
[EventDate "2006.10.02"]
[PlyCount "79"]

1.e4 e6 2.d4 d5 3.Nc3 Bb4 4.e5 c5 5.a3 Bxc3+ 6.bxc3 Ne7 7.Nf3 Bd7 8.a4 Qa5
9.Bd2 Nbc6 10.Bb5 c4 11.O-O O-O 12.Re1 a6 13.Bxc6 Bxc6 14.Ng5 h6 15.Nh3 
Qd8 16.Nf4 Ng6 17.Nh5 b5 18.a5 Kh7 19.Re3 Ra7 20.Rh3 Rh8 21.g4 Kg8 22.f4 
Bd7 23.Qf3 Bc8 24.Qg3 Kf8 25.Rf1 Rg8 26.f5 exf5 27.gxf5 Ne7 28.f6 Nf5 29.
Rxf5 Bxf5 30.fxg7+ Ke7 31.Bxh6 Ke6 32.Nf6 Qxa5 33.Nxg8 Qa1+ 34.Kf2 Qd1 35.
Qf3 Qxc2+ 36.Kg3 Bxh3 37.Qf6+ Kd7 38.Qd6+ Kc8 39.Ne7+ Kb7 40.Qc6+ 1-0

[Event "45th World U20 ch"]
[Site "Yerevan ARM"]
[Date "2006.10.11"]
[Round "8.28"]
[White "Arngrimsson, Dagur"]
[Black "Alavi Moghaddam, Sayed Javad"]
[Result "0-1"]
[WhiteElo "2305"]
[BlackElo "2368"]
[EventDate "2006.10.02"]
[PlyCount "112"]

1.e4 c6 2.d4 d5 3.Nc3 dxe4 4.Nxe4 Bf5 5.Ng3 Bg6 6.N1e2 Nf6 7.h4 h6 8.Nf4 
Bh7 9.Bc4 e6 10.O-O Bd6 11.Re1 Bxf4 12.Bxf4 Nbd7 13.Bd3 Bxd3 14.Qxd3 O-O 
15.c4 Ng4 16.f3 Ngf6 17.Qe3 Nh7 18.Kf2 Re8 19.Ne4 Ndf6 20.Rh1 Nxe4+ 21.
Qxe4 Qb6 22.b3 e5 23.c5 Qb5 24.dxe5 Qxc5+ 25.Kg3 Nf6 26.Qf5 Nd5 27.Rhe1 
Re6 28.Kh2 Rae8 29.Bg3 Qe7 30.Rad1 Qc5 31.Qd3 h5 32.Re4 g6 33.Rd2 Qc3 34.
Qe2 Qa5 35.Rd3 Qc5 36.Qd2 Qf8 37.f4 f6 38.Rf3 fxe5 39.f5 gxf5 40.Qg5+ Qg7 
41.Rxf5 Nf6 42.Rxf6 Rxf6 43.Qxh5 Rg6 44.Rg4 Kf7 45.Rg5 e4 46.Re5 Rxe5 47.
Bxe5 Qg8 48.Qf5+ Ke7 49.Qxe4 Qe6 50.g3 Ke8 51.Qe3 Rf6 52.g4 Rf7 53.Kg3 Re7
54.Kf4 Rf7+ 55.Kg3 Re7 56.Kf4 Qh6+ 0-1

[Event "45th World U20 ch"]
[Site "Yerevan ARM"]
[Date "2006.10.11"]
[Round "8.29"]
[White "Gorovets, Andrei"]
[Black "Pile, Richard"]
[Result "1/2-1/2"]
[WhiteElo "2368"]
[BlackElo "2290"]
[EventDate "2006.10.02"]
[PlyCount "74"]

1.f4 Nf6 2.Nf3 g6 3.g3 Bg7 4.Bg2 O-O 5.O-O c5 6.d3 Nc6 7.e4 d6 8.a4 Bg4 9.
h3 Bxf3 10.Qxf3 Rb8 11.c3 a6 12.Be3 Nd7 13.Nd2 Qc7 14.h4 Rfc8 15.h5 b5 16.
axb5 axb5 17.hxg6 hxg6 18.e5 e6 19.g4 b4 20.d4 bxc3 21.bxc3 cxd4 22.cxd4 
Rb4 23.exd6 Qxd6 24.Rac1 Bxd4 25.Ne4 Qf8 26.Qf2 Bxe3 27.Qxe3 Ne7 28.Rxc8 
Qxc8 29.f5 exf5 30.gxf5 Qc7 31.fxg6 Nxg6 32.Ng5 Nde5 33.Ne4 Kg7 34.Qg5 
Qb6+ 35.Kh1 Rb1 36.Ng3 Rxf1+ 37.Bxf1 Qg1+ 1/2-1/2

[Event "45th World U20 ch"]
[Site "Yerevan ARM"]
[Date "2006.10.12"]
[Round "9.1"]
[White "Kryvoruchko, Yuriy"]
[Black "Frolyanov, Dmitry"]
[Result "1/2-1/2"]
[WhiteElo "2581"]
[BlackElo "2498"]
[EventDate "2006.10.02"]
[PlyCount "105"]

1.e4 e5 2.Nf3 Nf6 3.Nxe5 d6 4.Nf3 Nxe4 5.d4 d5 6.Bd3 Nc6 7.O-O Be7 8.c4 
Nb4 9.Be2 O-O 10.Nc3 Bf5 11.a3 Nxc3 12.bxc3 Nc6 13.Re1 Re8 14.cxd5 Qxd5 
15.Bf4 Rac8 16.Qa4 Bd6 17.Bc4 Qa5 18.Rxe8+ Rxe8 19.Qb3 Bg6 20.Bxd6 cxd6 
21.Bd5 Qc7 22.h3 Re7 23.Nh4 Na5 24.Qb4 Nc6 25.Qa4 Bd3 26.Rd1 b5 27.Qb3 Be2
28.Ra1 g6 29.Nf3 Na5 30.Qb4 Bc4 31.Bxc4 bxc4 32.Re1 Rxe1+ 33.Nxe1 d5 34.
Nc2 Nc6 35.Qa4 Qb7 36.Ne3 Ne7 37.Qa5 Qb6 38.Qa4 Qb7 39.Qe8+ Kg7 40.Qd8 
Qb1+ 41.Kh2 Qe4 42.Qe8 Qe6 43.Qd8 h5 44.a4 a6 45.a5 Qe4 46.Qe8 Qe6 47.Qa8 
Qd6+ 48.Kg1 Qe6 49.Qb7 Qd6 50.h4 Qe6 51.g3 Qd6 52.Kh2 Qe6 53.Kg1 1/2-1/2

[Event "45th World U20 ch"]
[Site "Yerevan ARM"]
[Date "2006.10.12"]
[Round "9.2"]
[White "Stellwagen, Daniel"]
[Black "Pantsulaia, Levan"]
[Result "1/2-1/2"]
[WhiteElo "2576"]
[BlackElo "2596"]
[EventDate "2006.10.02"]
[PlyCount "84"]

1.e4 c6 2.d4 d5 3.Nc3 dxe4 4.Nxe4 Bf5 5.Ng3 Bg6 6.h4 h6 7.Nf3 Nd7 8.h5 Bh7
9.Bd3 Bxd3 10.Qxd3 e6 11.Bf4 Qa5+ 12.Bd2 Qc7 13.O-O-O Ngf6 14.Ne4 O-O-O 
15.g3 Nxe4 16.Qxe4 Nf6 17.Qe2 Bd6 18.c4 c5 19.Bc3 cxd4 20.Nxd4 a6 21.Kb1 
Rd7 22.Rc1 Kb8 23.Rhd1 Rhd8 24.Nf3 Qc5 25.Ne5 Bxe5 26.Bxe5+ Kc8 27.Rxd7 
Rxd7 28.f4 Qa5 29.c5 Qd2 30.Qxd2 Rxd2 31.c6 b6 32.c7 Rd3 33.Bxf6 gxf6 34.
Rc6 Rxg3 35.f5 Re3 36.Rxb6 Re5 37.fxe6 Rxe6 38.Rb8+ Kxc7 39.Rf8 Kd6 40.
Rxf7 Ke5 41.Kc2 Rd6 42.Re7+ Kd4 1/2-1/2

[Event "45th World U20 ch"]
[Site "Yerevan ARM"]
[Date "2006.10.12"]
[Round "9.6"]
[White "Zhao Jun"]
[Black "Warakomski, Tomasz"]
[Result "1-0"]
[WhiteElo "2539"]
[BlackElo "2446"]
[EventDate "2006.10.02"]
[PlyCount "135"]

1.d4 f5 2.c4 Nf6 3.g3 d6 4.d5 g6 5.b3 Bg7 6.Bb2 O-O 7.Bg2 Nbd7 8.Nf3 e5 9.
dxe6 Nc5 10.O-O Qe7 11.Nbd2 Bxe6 12.e3 Bd7 13.Qc2 a5 14.a3 Rfe8 15.Bd4 
Nce4 16.Nxe4 Nxe4 17.Rac1 c5 18.Bxg7 Kxg7 19.b4 axb4 20.axb4 b5 21.bxc5 
dxc5 22.cxb5 Rab8 23.Nd2 Nxd2 24.Qxd2 Bxb5 25.Rfe1 c4 26.Bf1 Rec8 27.Bxc4 
Bxc4 28.Qd4+ Qf6 29.Rxc4 Qxd4 30.Rxd4 Rc2 31.Rd7+ Kh6 32.Kg2 Rbb2 33.Rf1 
g5 34.h3 g4 35.hxg4 fxg4 36.Rf7 Kg6 37.Rf4 h5 38.Re1 Rb6 39.Kf1 Rf6 40.
Rxf6+ Kxf6 41.Ra1 Rc5 42.Ra2 Rb5 43.Ke2 Ke5 44.Rd2 Ra5 45.Rb2 Kf5 46.Kd3 
Rd5+ 47.Ke2 Ra5 48.Rc2 Ke5 49.Rd2 Ra3 50.f4+ gxf3+ 51.Kxf3 Ra8 52.Rh2 Rf8+
53.Kg2 Ke4 54.Rxh5 Kxe3 55.g4 Ke4 56.Kg3 Rf7 57.Ra5 Rf8 58.Rb5 Rf7 59.Ra5 
Rf8 60.g5 Rf5 61.Ra4+ Ke5 62.Kg4 Rf1 63.Kh5 Ke6 64.Kg6 Ke7 65.Ra7+ Kf8 66.
Ra8+ Ke7 67.Kg7 Rf7+ 68.Kg8 1-0

[Event "45th World U20 ch"]
[Site "Yerevan ARM"]
[Date "2006.10.12"]
[Round "9.7"]
[White "Wen Yang"]
[Black "Zhou Jianchao"]
[Result "1/2-1/2"]
[WhiteElo "2416"]
[BlackElo "2522"]
[EventDate "2006.10.02"]
[PlyCount "32"]

1.e4 c5 2.Nf3 d6 3.Bb5+ Bd7 4.Bxd7+ Qxd7 5.c4 Nf6 6.Nc3 g6 7.d4 cxd4 8.
Nxd4 Bg7 9.O-O O-O 10.f3 Rc8 11.b3 d5 12.exd5 Nxd5 13.Nxd5 e6 14.Bh6 exd5 
15.Bxg7 Kxg7 16.Nb5 dxc4 1/2-1/2

[Event "45th World U20 ch"]
[Site "Yerevan ARM"]
[Date "2006.10.12"]
[Round "9.12"]
[White "Nechepurenko, Roman"]
[Black "Baramidze, David"]
[Result "1/2-1/2"]
[WhiteElo "2479"]
[BlackElo "2585"]
[EventDate "2006.10.02"]
[PlyCount "64"]

1.e4 e5 2.Nf3 Nc6 3.Bb5 a6 4.Ba4 Nf6 5.Qe2 b5 6.Bb3 Be7 7.O-O d6 8.a4 Bb7 
9.c3 O-O 10.Re1 Qd7 11.d3 Rfe8 12.Bg5 Nd8 13.axb5 axb5 14.Rxa8 Bxa8 15.
Nbd2 Ne6 16.Bxe6 Qxe6 17.d4 c6 18.Ra1 h6 19.Bh4 Nh5 20.Bxe7 Qxe7 21.Qe3 c5
22.dxe5 dxe5 23.c4 Bc6 24.cxb5 Bxb5 25.Ra5 Rb8 26.Qc3 Nf4 27.Qxe5 Qxe5 28.
Nxe5 f6 29.Nef3 Be2 30.Rxc5 Rxb2 31.h3 Bxf3 32.Nxf3 Nd3 1/2-1/2

[Event "45th World U20 ch"]
[Site "Yerevan ARM"]
[Date "2006.10.12"]
[Round "9.13"]
[White "Grachev, Boris"]
[Black "Kim, Alexey"]
[Result "1/2-1/2"]
[WhiteElo "2583"]
[BlackElo "2428"]
[EventDate "2006.10.02"]
[PlyCount "74"]

1.d4 d5 2.Nf3 c6 3.c4 Nf6 4.e3 e6 5.Nbd2 c5 6.cxd5 Nxd5 7.e4 Nb6 8.dxc5 
Bxc5 9.Qc2 Be7 10.Bd3 Na6 11.a3 Nc5 12.Be2 Bd7 13.O-O Rc8 14.Qb1 a6 15.b3 
Bb5 16.Bxb5+ axb5 17.Bb2 O-O 18.Bd4 Qd7 19.Ra2 f6 20.Rc2 Rc6 21.Rfc1 Rfc8 
22.Be3 e5 23.a4 bxa4 24.b4 Nb3 25.Nxb3 Rxc2 26.Rxc2 axb3 27.Qxb3+ Kf8 28.
Rxc8+ Nxc8 29.h4 Qc6 30.Nd2 Nd6 31.f3 Qb5 32.Bc5 b6 33.Bf2 Ne8 34.Nc4 Qxb4
35.Qxb4 Bxb4 36.Nxb6 Nc7 37.Kf1 Ne6 1/2-1/2

[Event "45th World U20 ch"]
[Site "Yerevan ARM"]
[Date "2006.10.12"]
[Round "9.16"]
[White "Magalashvili, Davit"]
[Black "Geller, Jakov"]
[Result "1/2-1/2"]
[WhiteElo "2459"]
[BlackElo "2501"]
[EventDate "2006.10.02"]
[PlyCount "238"]

1.c4 e6 2.d4 d5 3.Nf3 c6 4.Qc2 Nf6 5.Bg5 h6 6.Bxf6 Qxf6 7.e3 Nd7 8.Nc3 g6 
9.Bd3 Bg7 10.cxd5 exd5 11.O-O O-O 12.b4 Qd6 13.Qb3 a6 14.a4 a5 15.b5 Re8 
16.Rab1 Nf6 17.Rfc1 Be6 18.Ne2 Ne4 19.bxc6 bxc6 20.Qc2 Bd7 21.Rb7 Ng5 22.
Nd2 Bf8 23.h4 Ne6 24.h5 g5 25.Ng3 Nd8 26.Rbb1 Rxe3 27.fxe3 Qxg3 28.Nf1 Qg4
29.Qe2 Bb4 30.Rc2 Qxe2 31.Rxe2 Bg4 32.Rc2 Bxh5 33.Ng3 Bg4 34.Nf5 Bxf5 35.
Bxf5 Ra7 36.g4 Kg7 37.Kg2 Rc7 38.Kf3 Nb7 39.Rd1 Nd6 40.Rdc1 c5 41.dxc5 
Nxf5 42.gxf5 Kf6 43.Rd1 Ke5 44.c6 h5 45.Rh1 Kxf5 46.Rxh5 f6 47.Rh8 g4+ 48.
Ke2 Bd6 49.Rg8 g3 50.Kf3 Re7 51.Rd8 Ke6 52.Rd2 Rc7 53.Rc2 Re7 54.Rb2 Bc7 
55.Rg8 Kd6 56.Rxg3 Kxc6 57.Rg6 Re6 58.Rb3 Bb6 59.Rd3 Kc5 60.Rg4 f5 61.Rc3+
Kd6 62.Rh4 Bc5 63.Rh8 Bb4 64.Rd3 Ke5 65.Rd8 Rd6 66.Re8+ Re6 67.Rb8 Rc6 68.
Rd1 Rh6 69.Re8+ Re6 70.Rh8 Rd6 71.Rh5 Rc6 72.Rh8 Bc3 73.Re8+ Re6 74.Rc8 
Bb4 75.Rh1 d4 76.exd4+ Kxd4 77.Kf4 Kd3 78.Kxf5 Re2 79.Rd1+ Bd2 80.Rc5 Rh2 
81.Ke6 Ke2 82.Rb1 Kd3 83.Rd1 Ke2 84.Ra1 Kd3 85.Kd7 Bb4 86.Rd1+ Ke4 87.Rc4+
Ke5 88.Kc6 Rh6+ 89.Kb5 Rd6 90.Rxd6 Kxd6 91.Kb6 Kd7 92.Rc7+ Kd6 93.Rh7 Bc3 
94.Rh3 Bb4 95.Rd3+ Ke7 96.Kc6 Ke8 97.Kc7 Ke7 98.Re3+ Kf6 99.Kc6 Kf5 100.
Kb6 Kf6 101.Re8 Kf5 102.Kb5 Kf6 103.Kc4 Kf7 104.Re4 Kf6 105.Kb3 Bd6 106.
Kc4 Bb4 107.Kd5 Kf7 108.Re6 Ba3 109.Re5 Bb4 110.Kc6 Kf6 111.Re2 Kf5 112.
Kd5 Kf6 113.Re4 Kf7 114.Kd4 Kf6 115.Kd3 Bd6 116.Kc3 Bb4+ 117.Kb3 Bd6 118.
Rh4 Ke6 119.Rd4 Bb4 1/2-1/2

[Event "45th World U20 ch"]
[Site "Yerevan ARM"]
[Date "2006.10.12"]
[Round "9.17"]
[White "Babuian, Levon"]
[Black "Romanov, Evgeny"]
[Result "1-0"]
[WhiteElo "2394"]
[BlackElo "2500"]
[EventDate "2006.10.02"]
[PlyCount "135"]

1.d4 Nf6 2.c4 e6 3.Nc3 c5 4.Nf3 cxd4 5.Nxd4 Nc6 6.e3 Bb4 7.Bd3 O-O 8.O-O 
d5 9.cxd5 exd5 10.Ncb5 a6 11.Nxc6 bxc6 12.Nd4 Bd6 13.Nf5 Be5 14.Qc2 Bd7 
15.Bd2 Re8 16.Bc3 Qc7 17.Ng3 Bxc3 18.Qxc3 a5 19.Rac1 Rab8 20.Rfd1 Rb4 21.
Bf5 Reb8 22.b3 a4 23.Bxd7 Qxd7 24.Qxc6 Qxc6 25.Rxc6 axb3 26.axb3 Rxb3 27.
h3 h6 28.Nf5 Kh7 29.Rc7 Rb1 30.Rxb1 Rxb1+ 31.Kh2 Kg8 32.f3 Rb3 33.Kg3 Rb2 
34.h4 Re2 35.Kh3 h5 36.Kg3 Ra2 37.Rb7 Ra6 38.Rb8+ Kh7 39.Rf8 Ra7 40.Kf4 
Kg6 41.Rd8 Ra4+ 42.Ke5 Ra5 43.Nd4 Ra3 44.Kf4 Kh7 45.Rf8 Kg6 46.Nc6 Nd7 47.
Ne7+ Kf6 48.Nxd5+ Kg6 49.Rc8 Ra2 50.g3 Ra5 51.Rc6+ Kh7 52.e4 Nf8 53.Kg5 
Ne6+ 54.Kxh5 Nd4 55.Rc3 Ne2 56.Rc7 Ra6 57.Nf4 Nxf4+ 58.gxf4 g6+ 59.Kg4 Kg7
60.e5 Ra1 61.f5 gxf5+ 62.Kxf5 Kg8 63.f4 Rf1 64.h5 Ra1 65.Kg5 Ra5 66.Rc8+ 
Kg7 67.h6+ Kh7 68.Kf6 1-0

[Event "45th World U20 ch"]
[Site "Yerevan ARM"]
[Date "2006.10.12"]
[Round "9.21"]
[White "Wang Li"]
[Black "Zarkua, Davit"]
[Result "0-1"]
[WhiteElo "2226"]
[BlackElo "2411"]
[EventDate "2006.10.02"]
[PlyCount "154"]

1.e4 c6 2.d4 d5 3.Nc3 dxe4 4.Nxe4 Bf5 5.Ng3 Bg6 6.h4 h6 7.Nf3 Nd7 8.h5 Bh7
9.Bd3 Bxd3 10.Qxd3 e6 11.Bf4 Qa5+ 12.Bd2 Qc7 13.O-O-O O-O-O 14.Ne4 Ngf6 
15.g3 Nxe4 16.Qxe4 Nf6 17.Qe2 Bd6 18.c4 c5 19.Bc3 cxd4 20.Nxd4 a6 21.Kb1 
Rd7 22.Rc1 Kb8 23.Nf3 Qc5 24.Ne5 Bxe5 25.Bxe5+ Kc8 26.Rhd1 Rhd8 27.Rxd7 
Rxd7 28.Re1 Qa5 29.Bc3 Qf5+ 30.Ka1 Qd3 31.Qxd3 Rxd3 32.Rh1 Rf3 33.Bxf6 
gxf6 34.Rh2 Kd7 35.Kb1 Kc6 36.Kc2 Kc5 37.b3 Kb4 38.Rh4 Rxf2+ 39.Kd3 Rf3+ 
40.Kc2 Rxg3 41.Rd4 b6 42.Rd7 Rg7 43.Rc7 b5 44.c5 Rg5 45.c6 Rxh5 46.Rxf7 
Rc5+ 47.Kb2 Rxc6 48.Rxf6 Kc5 49.Rxh6 e5 50.Rh1 Kd4 51.Rd1+ Ke3 52.Re1+ Kf4
53.Rf1+ Ke4 54.Re1+ Kf5 55.Rf1+ Ke6 56.Re1 Rc5 57.b4 Rc4 58.Kb3 Rf4 59.Rc1
Rf3+ 60.Kb2 Rd3 61.Rh1 Rd6 62.Re1 Rd4 63.Kc3 Rc4+ 64.Kb3 e4 65.Rh1 Kf5 66.
Rh5+ Kf4 67.Rh4+ Kf3 68.Rh3+ Kg2 69.Rh6 e3 70.Rxa6 Re4 71.Rg6+ Kf3 72.a4 
e2 73.Rg1 Re3+ 74.Kc2 e1=Q 75.Rxe1 Rxe1 76.axb5 Ke4 77.Kb3 Kd5 0-1

[Event "45th World U20 ch"]
[Site "Yerevan ARM"]
[Date "2006.10.12"]
[Round "9.22"]
[White "Nasri, Amin"]
[Black "Kalashian, David"]
[Result "1/2-1/2"]
[WhiteElo "2227"]
[BlackElo "2381"]
[EventDate "2006.10.02"]
[PlyCount "179"]

1.d4 Nf6 2.c4 e6 3.Nc3 Bb4 4.Qc2 c5 5.dxc5 O-O 6.a3 Bxc5 7.Nf3 b6 8.Bf4 
Nh5 9.Bg3 f5 10.e3 Bb7 11.Be2 Be7 12.Rd1 Nc6 13.Bd6 Bxd6 14.Rxd6 Qe7 15.
Qd2 Nf6 16.O-O Na5 17.b4 Nb3 18.Qd1 Nc1 19.Rd2 Nxe2+ 20.Qxe2 Rfc8 21.Na4 
Ba6 22.Nb2 Rc7 23.Nd4 Rac8 24.Rc2 Ne4 25.Rfc1 Nd6 26.Qd3 Qf7 27.b5 Bb7 28.
f3 Qf8 29.Nb3 Nf7 30.a4 Qa3 31.a5 Ne5 32.Qd4 Qxb3 33.Qxe5 bxa5 34.Qc3 Qb4 
35.Ra1 Qxb5 36.Rxa5 Qb6 37.c5 a6 38.Nd3 Qa7 39.Qd4 Bc6 40.Rca2 Qb8 41.Nf4 
Rb7 42.Nh5 e5 43.Qc4+ Kf8 44.Qxa6 Bb5 45.Qd6+ Qxd6 46.cxd6 Rc1+ 47.Kf2 Bc4
48.Rd2 Rf1+ 49.Kg3 g6 50.Nf6 Kg7 51.Ne8+ Kf8 52.Rxe5 Bf7 53.Nc7 Rc1 54.Na6
Rc6 55.Nc5 Ra7 56.e4 fxe4 57.Nxe4 Ra2 58.Rxa2 Bxa2 59.Rb5 Be6 60.Kf4 Bf5 
61.Ke5 Kg7 62.Nc5 h5 63.Nxd7 Bxd7 64.Rb7 Rc5+ 65.Kf4 Rf5+ 66.Ke4 Rf7 67.
Ke5 Bc6 68.Rb6 Ba4 69.Rb4 Bd7 70.g4 Rxf3 71.h3 Rf7 72.Rc4 h4 73.Rc7 g5 74.
Rxd7 Rxd7 75.Ke6 Rd8 76.Ke7 Ra8 77.d7 Ra3 78.d8=Q Re3+ 79.Kd7 Rd3+ 80.Ke8 
Rxd8+ 81.Kxd8 Kf6 82.Kd7 Ke5 83.Ke7 Kf4 84.Kf6 Kg3 85.Kxg5 Kxh3 86.Kf4 Kg2
87.g5 h3 88.g6 h2 89.g7 h1=Q 90.g8=Q+ 1/2-1/2

[Event "45th World U20 ch"]
[Site "Yerevan ARM"]
[Date "2006.10.12"]
[Round "9.23"]
[White "Alavi Moghaddam, Sayed Javad"]
[Black "Mareco, Sandro"]
[Result "1/2-1/2"]
[WhiteElo "2368"]
[BlackElo "2335"]
[EventDate "2006.10.02"]
[PlyCount "56"]

1.e4 e5 2.Bc4 Nf6 3.d3 c6 4.Qe2 Be7 5.Nf3 O-O 6.Bb3 d6 7.c3 Nbd7 8.O-O Re8
9.Be3 Nf8 10.Nbd2 Ng6 11.d4 h6 12.dxe5 dxe5 13.h3 Bf8 14.Ne1 Be6 15.Nd3 
Qc7 16.Bxe6 Rxe6 17.a4 Rd8 18.Rfd1 c5 19.f3 c4 20.Nb4 a5 21.Nc2 Rc6 22.Nf1
Rxd1 23.Rxd1 Nh5 24.g3 Qc8 25.Kh2 Bc5 26.Qd2 Rd6 27.Qe2 Rc6 28.Qd2 Rd6 
1/2-1/2

[Event "45th World U20 ch"]
[Site "Yerevan ARM"]
[Date "2006.10.12"]
[Round "9.26"]
[White "Brandenburg, Daan"]
[Black "Gregoire, Sylvain"]
[Result "1/2-1/2"]
[WhiteElo "2421"]
[BlackElo "2288"]
[EventDate "2006.10.02"]
[PlyCount "149"]

1.e4 c5 2.c3 d5 3.exd5 Qxd5 4.d4 e6 5.Nf3 Nf6 6.Na3 Be7 7.Nb5 Na6 8.Be2 
O-O 9.O-O cxd4 10.Qxd4 Bd7 11.Qxd5 Nxd5 12.Rd1 Rfd8 13.Nbd4 Ba4 14.Bxa6 
bxa6 15.Re1 h6 16.Bd2 Be8 17.Red1 Rac8 18.Rac1 Bf6 19.b3 a5 20.Ne2 Bxc3 
21.Bxc3 Nxc3 22.Rxd8 Nxe2+ 23.Kf1 Ng3+ 24.hxg3 Rxc1+ 25.Ke2 Kf8 26.a4 Ke7 
27.Ra8 Rc7 28.Ne5 f6 29.Nc4 Bc6 30.Rg8 Kf7 31.Rb8 Bxa4 32.Nxa5 Bd7 33.Kd2 
e5 34.f3 Be6 35.Rb5 Ke7 36.Nb7 Bd7 37.Rb4 Bc6 38.Nc5 Kd6 39.Ne4+ Bxe4 40.
Rxe4 Ke6 41.Ra4 Kf5 42.Ke2 g6 43.Kf2 Rb7 44.b4 h5 45.Ke3 g5 46.Kf2 Rc7 47.
b5 g4 48.Kf1 Rc5 49.Rxa7 Rxb5 50.Rh7 Kg6 51.Rh8 Rb1+ 52.Kf2 Rb2+ 53.Kf1 
Rb7 54.Re8 Rh7 55.Kf2 Kf5 56.Ra8 h4 57.gxh4 gxf3 58.gxf3 Rxh4 59.Kg3 Rb4 
60.Re8 Rb3 61.Ra8 e4 62.Ra5+ Kg6 63.Kf4 exf3 64.Ra2 Rc3 65.Rb2 Kf7 66.Ra2 
Ke6 67.Ra6+ Kf7 68.Ra2 Kg6 69.Rb2 f5 70.Rb6+ Kf7 71.Rb2 Ke6 72.Rb6+ Kd5 
73.Rb2 Rd3 74.Kxf5 Re3 75.Rf2 1/2-1/2

[Event "45th World U20 ch"]
[Site "Yerevan ARM"]
[Date "2006.10.12"]
[Round "9.28"]
[White "Shoker, Samy"]
[Black "Ciganovic, Nikola"]
[Result "1-0"]
[WhiteElo "2398"]
[BlackElo "2258"]
[EventDate "2006.10.02"]
[PlyCount "79"]

1.g3 d5 2.Bg2 Nf6 3.d3 c6 4.Nf3 Bg4 5.O-O Nbd7 6.Qe1 e5 7.Nbd2 Bd6 8.e4 
O-O 9.h3 Be6 10.Ng5 h6 11.Nxe6 fxe6 12.Qe2 Qc7 13.a3 b5 14.b3 d4 15.Nf3 
Rac8 16.h4 Rf7 17.Bh3 Nf8 18.Bd2 Qe7 19.a4 N8h7 20.Nxd4 exd4 21.e5 Bb8 22.
exf6 Rxf6 23.Rfe1 Nf8 24.Qe4 Qc5 25.Re2 b4 26.g4 g5 27.Rf1 Qd6 28.f4 Nh7 
29.hxg5 hxg5 30.fxg5 Qg3+ 31.Qg2 Rxf1+ 32.Kxf1 Rf8+ 33.Kg1 Rf3 34.Qxg3 
Rxg3+ 35.Bg2 Rxg4 36.Rxe6 Kf7 37.Rxc6 Nxg5 38.Kf1 Ne6 39.Bd5 Rg6 40.Bxb4 
1-0

[Event "45th World U20 ch"]
[Site "Yerevan ARM"]
[Date "2006.10.13"]
[Round "10.2"]
[White "Kryvoruchko, Yuriy"]
[Black "Stellwagen, Daniel"]
[Result "1/2-1/2"]
[WhiteElo "2581"]
[BlackElo "2576"]
[EventDate "2006.10.02"]
[PlyCount "60"]

1.e4 c5 2.Nf3 e6 3.d4 cxd4 4.Nxd4 a6 5.c4 Nf6 6.Nc3 Bb4 7.Bd3 Nc6 8.Ne2 d6
9.O-O Bc5 10.a3 O-O 11.b4 Ba7 12.Bf4 e5 13.Be3 Bxe3 14.fxe3 a5 15.Nd5 axb4
16.Nxf6+ gxf6 17.Ng3 Kh8 18.axb4 Rxa1 19.Qxa1 Nxb4 20.Qc3 Na6 21.Nh5 f5 
22.Ng3 Qb6 23.Bc2 f4 24.Rxf4 Qb4 25.Qxb4 Nxb4 26.Rf2 Be6 27.Bd1 Ra8 28.Rd2
Bxc4 29.Nf5 Ra1 30.Kf2 Ra2 1/2-1/2

[Event "45th World U20 ch"]
[Site "Yerevan ARM"]
[Date "2006.10.13"]
[Round "10.4"]
[White "Frolyanov, Dmitry"]
[Black "Pashikian, Arman"]
[Result "1/2-1/2"]
[WhiteElo "2498"]
[BlackElo "2527"]
[EventDate "2006.10.02"]
[PlyCount "102"]

1.e4 e5 2.Nf3 Nc6 3.Bb5 Nf6 4.O-O Nxe4 5.d4 Nd6 6.Bxc6 dxc6 7.dxe5 Ne4 8.
Qe2 Bf5 9.Be3 Bc5 10.Rd1 Qe7 11.Bxc5 Nxc5 12.Nd4 Bg6 13.Nd2 O-O 14.N2b3 
Nxb3 15.axb3 a6 16.f4 c5 17.Nf3 Bf5 18.h3 h6 19.Kh2 Bd7 20.Rd2 a5 21.Rad1 
Bc6 22.Qf2 f5 23.Qg3 Kh7 24.Nh4 Qe6 25.Nf3 a4 26.bxa4 Rxa4 27.b3 Raa8 28.
Ng1 Rg8 29.Nf3 Rae8 30.Rd3 Qe7 31.h4 Qf7 32.Qf2 b6 33.Qe2 Kh8 34.Ng1 Qe7 
35.Qf2 Qf7 36.Qe2 Kh7 37.Nh3 Rgf8 38.Re3 Qe6 39.Qh5 Kg8 40.Rg3 Rd8 41.Rg6 
Be8 42.Rxd8 Bxg6 43.Qd1 Be8 44.Ng1 Qe7 45.Nf3 Bc6 46.Rxf8+ Kxf8 47.Kg3 Ke8
48.Qd3 Qe6 49.Kf2 Be4 50.Qd2 Ke7 51.c4 Qd7 1/2-1/2

[Event "45th World U20 ch"]
[Site "Yerevan ARM"]
[Date "2006.10.13"]
[Round "10.9"]
[White "Warakomski, Tomasz"]
[Black "Meier, Georg"]
[Result "0-1"]
[WhiteElo "2446"]
[BlackElo "2484"]
[EventDate "2006.10.02"]
[PlyCount "81"]

1.e4 e6 2.d4 d5 3.Nd2 dxe4 4.Nxe4 Nd7 5.Nf3 Ngf6 6.Nxf6+ Nxf6 7.Be3 Nd5 8.
Bd2 c5 9.Bb5+ Bd7 10.Qe2 Bxb5 11.Qxb5+ Qd7 12.Qe2 cxd4 13.Ne5 Qc7 14.Qb5+ 
Kd8 15.Nf3 Bc5 16.O-O Ke7 17.Qd3 Nf6 18.Bg5 Rad8 19.Rfe1 Rd5 20.c4 Rdd8 
21.a3 a5 22.Bh4 h6 23.Bg3 Bd6 24.Ne5 a4 25.Rac1 Qc5 26.Rc2 Rhe8 27.f4 Kf8 
28.Kh1 Kg8 29.Bf2 Bxe5 30.Rxe5 Qd6 31.Bh4 g5 32.Qg3 Nh5 33.Qg4 Nxf4 34.
Bxg5 hxg5 35.Rxg5+ Kf8 36.c5 Qc7 37.Rf2 e5 38.g3 Qc6+ 39.Kg1 Qe6 40.gxf4 
Qxg4+ 41.Rxg4 0-1

[Event "45th World U20 ch"]
[Site "Yerevan ARM"]
[Date "2006.10.13"]
[Round "10.10"]
[White "Gomez, John Paul"]
[Black "Esen, Baris"]
[Result "1/2-1/2"]
[WhiteElo "2387"]
[BlackElo "2464"]
[EventDate "2006.10.02"]
[PlyCount "86"]

1.e4 c5 2.Nf3 d6 3.d4 cxd4 4.Nxd4 Nf6 5.Nc3 a6 6.f4 e5 7.Nf3 Nbd7 8.a4 Be7
9.Bc4 Qa5 10.Qe2 O-O 11.O-O exf4 12.Bxf4 Ne5 13.Bb3 Bg4 14.Kh1 Rac8 15.
Rad1 Nxf3 16.gxf3 Be6 17.Bxd6 Bxd6 18.Rxd6 Qe5 19.Qd2 Bxb3 20.cxb3 Kh8 21.
Qd4 Qg5 22.f4 Qh4 23.Qf2 Qxf2 24.Rxf2 Rxc3 25.bxc3 Nxe4 26.Rfd2 Kg8 27.c4 
g6 28.Kg2 Nxd2 29.Rxd2 Re8 30.Rd7 b5 31.cxb5 axb5 32.a5 Re2+ 33.Kg1 b4 34.
a6 Ra2 35.a7 Kg7 36.Kf1 h6 37.h4 Kf6 38.Ke1 Ke6 39.Rb7 f6 40.Kd1 Kf5 41.
Rf7 Ke6 42.Rg7 Kf5 43.Rf7 Ke6 1/2-1/2

[Event "45th World U20 ch"]
[Site "Yerevan ARM"]
[Date "2006.10.13"]
[Round "10.11"]
[White "Baramidze, David"]
[Black "Babuian, Levon"]
[Result "0-1"]
[WhiteElo "2585"]
[BlackElo "2394"]
[EventDate "2006.10.02"]
[PlyCount "38"]

1.e4 e5 2.Nf3 Nc6 3.Bb5 Nf6 4.Nc3 Nd4 5.Ba4 Bc5 6.Nxe5 O-O 7.Nd3 Bb6 8.e5 
c6 9.O-O Ne8 10.Ne4 d5 11.Ng3 Qh4 12.c3 Nf5 13.Kh1 f6 14.Bc2 Bc7 15.Re1 
fxe5 16.Nxe5 Bxe5 17.Rxe5 Nxg3+ 18.fxg3 Qf6 19.Re1 Bg4 0-1